000 00857nam a22002177a 4500
003 UA-OsUOA
001 68738
007 ta
008 20100514b un ||||| |||| 00| 0 ukr d
100 _aДороз В.
090 _a81
_bД69
942 _cSA
040 _aUA-OsUOA
_bukr
_cUA-OsUOA
_dUA-OsUOA
245 _aПереосмислення процесу навчання і виховання національно свідомої мовної особистості на уроках української мови з ціннісних позицій
300 _aС.6-12
955 _a0
041 _aukr
080 _a81
773 0 _w68736
_tУкраїнська мова і література в школі
_dК.
_d2010
_g2
650 7 _a8 Мовознавство. Художня література. Літературознавство
_2UDC
999 _c354996
_d354996